000 00340pab a2200145 454500
008 180718b1985 xxu||||| |||| 00| 0 eng d
100 _aNirmala, S.
245 _aExecutive motivation - a public sector experience
260 _c1985
300 _a19-22
362 _aDec.
650 _aMotivation
773 _aLok Udyog
909 _a13758
999 _c13758
_d13758